000 00612nam a2200241 a 4500
001 nice12345678
003 IN_TiNIC
005 20260116012130.0
008 050524s1927 lona grp 000 0 eng
020 _a
_c100
082 0 0 _a234.5
_bHAR
100 _aHartill, Percy
245 _aNecessity of Redemption
_b Study in the Significanese of the Atonement
260 _aLondon
_bLongmans, Green and Co
_c1927
300 _a121p
500 _aincludes index and biblioraphy
505 2 _aIndex.
650 _aAtonement
700 1 _aHartill, Percy
902 _bSRS
942 _cBK
999 _c5767
_d5767